| 000 | 00564nam a2200193Ia 4500 | ||
|---|---|---|---|
| 008 | 191130s2004##################000#0#eng## | ||
| 020 | _a9781403924711 | ||
| 040 |
_aACL _cACL |
||
| 082 | _a658.452 CLA | ||
| 100 | _aClark, Evelyn | ||
| 245 |
_aAround the corporate campfire : how great leaders use stories to inspire success _cEvelyn Clark |
||
| 260 |
_aLondon _bMacmillan _cc2004 |
||
| 300 | _axiv, 230 p. ; 23 cm | ||
| 500 | _aIncludes Index | ||
| 650 | _aManagement | ||
| 990 | _ac9603b98ac10000c1a59e91d5cd1531a | ||
| 991 | _a233782 | ||
| 999 |
_c373219 _d373219 |
||